Панорама социальных идей (Запись № 10331689)
[ простой вид ]
| 000 -МАРКЕР | |
|---|---|
| контрольное поле | 03395nas1a22003731i 4500 |
| 001 - ИДЕНТИФИКАТОР ЗАПИСИ | |
| контрольное поле | RU\NLR\Per\1085360 |
| 005 - ИДЕНТИФИКАТОР ВЕРСИИ | |
| контрольное поле | 20260408091903.0 |
| 035 ## - ДРУГИЕ СИСТЕМНЫЕ НОМЕРА | |
| Идентификатор записи | (NLR Aleph) 010549741 |
| 100 ## - ДАННЫЕ ОБЩЕЙ ОБРАБОТКИ | |
| Данные общей обработки | 20141121a200 9999|||y0rusy50 ca |
| 101 0# - ЯЗЫК РЕСУРСА | |
| Язык текста, звукозаписи и т.д. | русский |
| 102 ## - СТРАНА ПУБЛИКАЦИИ ИЛИ ПРОИЗВОДСТВА | |
| Страна публикации | Российская Федерация |
| 110 ## - ПОЛЕ КОДИРОВАННЫХ ДАННЫХ: ПРОДОЛЖАЮЩИЕСЯ РЕСУРСЫ | |
| Кодированные данные продолжающегося ресурса | zu||||||||| |
| 200 1# - ЗАГЛАВИЕ И СВЕДЕНИЯ ОБ ОТВЕТСТВЕННОСТИ | |
| Основное заглавие | Панорама социальных идей |
| Сведения, относящиеся к заглавию | тематический выпуск |
| Первые сведения об ответственности | Опорно-эксперим. учреждение социал. сферы РФ Краев. гос. казен. учреждение социал. обслуж. "Социал.-реабилитац. центр для несовершеннолетних "Парус надежды" |
| 210 ## - ПУБЛИКАЦИЯ, РАСПРОСТРАНЕНИЕ И ДР. | |
| Место издания, распространения и т.д. | Владивосток |
| Имя издателя, распространителя и т. д. | Изд-во Дальневосточного федерального университета |
| Дата издания, распространения и т.д. | 2013 - |
| 300 ## - ОБЩИЕ ПРИМЕЧАНИЯ | |
| Текст примечания | В надзаг. также: Деп. социал. защиты населения Примор. края |
| 606 ## - НАИМЕНОВАНИЕ ТЕМЫ КАК ПРЕДМЕТ | |
| Наименование темы | Семьи с детьми-инвалидами |
| Формальный подзаголовок | Периодические издания |
| Тематический подзаголовок | Психологическая служба |
| Системный номер авторитетной/нормативной записи | 2501988 |
| Идентификатор авторитетной/нормативной записи | RU\NLR\AUTH\661483863 |
| 606 1# - НАИМЕНОВАНИЕ ТЕМЫ КАК ПРЕДМЕТ | |
| Наименование темы | Дети-инвалиды |
| Формальный подзаголовок | Периодические издания |
| Тематический подзаголовок | Социальная защита |
| Системный номер авторитетной/нормативной записи | 2140253 |
| Идентификатор авторитетной/нормативной записи | RU\NLR\AUTH\661290066 |
| 606 ## - НАИМЕНОВАНИЕ ТЕМЫ КАК ПРЕДМЕТ | |
| Наименование темы | Дети-инвалиды |
| Формальный подзаголовок | Периодические издания |
| Тематический подзаголовок | Реабилитация |
| Системный номер авторитетной/нормативной записи | 945232 |
| Идентификатор авторитетной/нормативной записи | RU\NLR\AUTH\66350370 |
| 606 ## - НАИМЕНОВАНИЕ ТЕМЫ КАК ПРЕДМЕТ | |
| Наименование темы | Дети с ограниченными возможностями здоровья |
| Формальный подзаголовок | Периодические издания |
| Тематический подзаголовок | Социально-психологические исследования |
| Системный номер авторитетной/нормативной записи | 2172054 |
| Идентификатор авторитетной/нормативной записи | RU\NLR\AUTH\661306517 |
| 686 1# - ИНДЕКСЫ ДРУГИХ КЛАССИФИКАЦИЙ | |
| Индекс | Р11(2)442.97я54 |
| 686 1# - ИНДЕКСЫ ДРУГИХ КЛАССИФИКАЦИЙ | |
| Индекс | С550.325.2я54 |
| 686 1# - ИНДЕКСЫ ДРУГИХ КЛАССИФИКАЦИЙ | |
| Индекс | Ю984.92я54 |
| 686 1# - ИНДЕКСЫ ДРУГИХ КЛАССИФИКАЦИЙ | |
| Индекс | Ю948.2я54 |
| 686 1# - ИНДЕКСЫ ДРУГИХ КЛАССИФИКАЦИЙ | |
| Индекс | У27(2)229.8(2Р-4Пе)я54 |
| 712 02 - НАИМЕНОВАНИЕ ОРГАНИЗАЦИИ - ВТОРИЧНАЯ ОТВЕТСТВЕННОСТЬ | |
| Код отношения | Прочие |
| Начальный элемент ввода | "Парус надежды", социально-реабилитационный центр для несовершеннолетних |
| Идентифицирующий признак | Владивосток |
| Идентификатор авторитетной/нормативной записи | RU\NLR\AUTH\8810231087 |
| Системный номер авторитетной/нормативной записи | 347144 |
| 852 ## - МЕСТОНАХОЖДЕНИЕ И ШИФР ХРАНЕНИЯ | |
| Идентификатор организации | NLR |
| Шифр хранения (Call Number) | П23/8911 |
| 942 ## - ДОПОЛНИТЕЛЬНЫЕ ЭЛЕМЕНТЫ ЗАПИСИ (АБИС) | |
| Тип экземпляра АБИС | Продолжающееся издание |
| 980 ## - КОЛЛЕКЦИЯ | |
| Название коллекции | Русская периодика |
Нет доступных экземпляров.